Экспериментальная петрография : (Record no. 487752)
[ view plain ]
| 000 -LEADER | |
|---|---|
| fixed length control field | 00838nam-a2200217-a-4500 |
| 001 - CONTROL NUMBER | |
| control field | 000210710 |
| 003 - CONTROL NUMBER IDENTIFIER | |
| control field | AM-YeHGA |
| 005 - DATE AND TIME OF LATEST TRANSACTION | |
| control field | 20250617162334.0 |
| 008 - FIXED-LENGTH DATA ELEMENTS--GENERAL INFORMATION | |
| fixed length control field | 991105s1951 xxu 000 0 rus u |
| 020 ## - INTERNATIONAL STANDARD BOOK NUMBER | |
| Terms of availability | 13.60 |
| 040 ## - CATALOGING SOURCE | |
| Original cataloging agency | AM-YeHGA |
| 090 ## - LOCALLY ASSIGNED LC-TYPE CALL NUMBER (OCLC); LOCAL CALL NUMBER (RLIN) | |
| -- | 491121 |
| 100 1# - MAIN ENTRY--PERSONAL NAME | |
| Personal name | Гинзберг, А.С. |
| 245 10 - TITLE STATEMENT | |
| Title | Экспериментальная петрография : |
| Remainder of title | Учебное пособие / |
| Statement of responsibility, etc. | А.С. Гинзберг ; ЛГУ ; Отв. ред. Х.С. Никогосян. |
| 260 ## - PUBLICATION, DISTRIBUTION, ETC. | |
| Place of publication, distribution, etc. | Ленинград : |
| Name of publisher, distributor, etc. | ЛГУ , |
| Date of publication, distribution, etc. | 1951. |
| 300 ## - PHYSICAL DESCRIPTION | |
| Extent | 270 с. : |
| Other physical details | ил. |
| 504 ## - BIBLIOGRAPHY, ETC. NOTE | |
| Bibliography, etc. note | Список лит. с. 261-262 |
| 650 14 - SUBJECT ADDED ENTRY--TOPICAL TERM | |
| Topical term or geographic name entry element | Петрография |
| 700 1# - ADDED ENTRY--PERSONAL NAME | |
| Personal name | Никогосян, Х.С. |
| Relator term | ред. |
| Relationship | edt |
| 710 2# - ADDED ENTRY--CORPORATE NAME | |
| Corporate name or jurisdiction name as entry element | Ленинградский государственный университет им. А.А. Жданова |
| Withdrawn status | Lost status | Source of classification or shelving scheme | Damaged status | Not for loan | Collection | Home library | Current library | Date acquired | Total checkouts | Full call number | Barcode | Date last seen | Price effective from | Koha item type | Public note |
|---|---|---|---|---|---|---|---|---|---|---|---|---|---|---|---|
| Universal Decimal Classification | General | Fundamental Scientific Library | Fundamental Scientific Library | 14/02/2019 | РД II/40786 | FL0551637 | 14/02/2019 | 14/02/2019 | Գրքեր / Books | 30 Days Loan | |||||
| Universal Decimal Classification | General | Fundamental Scientific Library | Fundamental Scientific Library | 14/02/2019 | РД II/40789 | FL0551640 | 14/02/2019 | 14/02/2019 | Գրքեր / Books | 30 Days Loan | |||||
| Universal Decimal Classification | General | Fundamental Scientific Library | Fundamental Scientific Library | 14/02/2019 | РД II/40773 | FL0551672 | 14/02/2019 | 14/02/2019 | Գրքեր / Books | 30 Days Loan |
ՀՀ Գիտությունների ազգային ակադեմիայի հիմնարար գիտական գրադարան = Fundamental Scientific Library of NAS RA
All site content, except where otherwise noted, is licensed under a